书目信息 |
| 题名: |
杨廷宝全集
|
|
| 作者: | 杨廷宝, , 杨廷宝 著 ;黎志涛 主编 | |
| 分册: | 一 建筑卷·上 | |
| 出版信息: | 北京 中国建筑工业出版社 2021.01 |
|
| 页数: | 456页 | |
| 开本: | 29cm | |
| 丛书名: | ||
| 单 册: | ||
| 中图分类: | TU-53 | |
| 科图分类: | ||
| 主题词: | 建筑师--jian zhu shi--中国--现代--全集 | |
| 电子资源: | ||
| ISBN: | 978-7-112-24661-8 | |
| 000 | 01326nam 2200289 450 | |
| 001 | 28795 | |
| 005 | 20221013125154.88 | |
| 010 | @a978-7-112-24661-8@b精装@dCNY298.00 | |
| 100 | @a20211111d2021 em y0chiy50 ea | |
| 101 | 0 | @achi |
| 102 | @aCN@b110000 | |
| 105 | @aak z 000yy | |
| 200 | 1 | @a杨廷宝全集@Ayang ting bao quan ji@f杨廷宝@Fyang ting bao@h一@i建筑卷·上@h上 |
| 210 | @a北京@c中国建筑工业出版社@d2021.01 | |
| 215 | @a456页@c图 (部分彩图)@d29cm | |
| 300 | @a“十三五”国家重点出版物出版规划项目 中国建筑工业出版社学术著作出版基金项目 | |
| 314 | @a书内题: 黎志涛主编 | |
| 330 | @a本书收录了杨廷宝先生主持、参与、指导的工程项目介绍、图纸和照片, 水彩、第七卷素描作品, 大量的文章和讲话与报告等, 文言、手稿、书信、墨宝、笔记、日记、作业等手种活动的数迹, 以及一生各时期的历史影像并编撰年谱。全集反映了杨廷宝先生在专业学习、建筑创作、建筑教育领域均取得令人瞩目的成就, 在行政管理、国际交流等诸多方面作出的突出贡献。本册为上。 | |
| 517 | 1 | @a建筑卷·上@Ajian zhu juan·shang |
| 600 | 0 | @a杨廷宝,@Ayang ting bao@f1901-1982@j全集 |
| 606 | 0 | @a建筑师@Ajian zhu shi@y中国@z现代@j全集 |
| 690 | @aTU-53@v5 | |
| 701 | 0 | @a杨廷宝,@Ayang ting bao@f1901-1982@4著 |
| 701 | 0 | @a杨廷宝@Ayang ting bao |
| 702 | 0 | @a黎志涛@Ali zhi tao@4主编 |
| 801 | 0 | @aCN@c20220910 |
| 905 | @a河南城建学院图书馆@dTU-53@eY280:1(1)@f1 | |
| 杨廷宝全集/杨廷宝.一.建筑卷·上.上.-北京:中国建筑工业出版社,2021.01 |
| 456页:图 (部分彩图);29cm |
| “十三五”国家重点出版物出版规划项目 中国建筑工业出版社学术著作出版基金项目 |
| ISBN 978-7-112-24661-8(精装):CNY298.00 |
| 本书收录了杨廷宝先生主持、参与、指导的工程项目介绍、图纸和照片, 水彩、第七卷素描作品, 大量的文章和讲话与报告等, 文言、手稿、书信、墨宝、笔记、日记、作业等手种活动的数迹, 以及一生各时期的历史影像并编撰年谱。全集反映了杨廷宝先生在专业学习、建筑创作、建筑教育领域均取得令人瞩目的成就, 在行政管理、国际交流等诸多方面作出的突出贡献。本册为上。 |
| ● |
| 相关链接 |
|
|
|
正题名:杨廷宝全集
索取号:TU-53/Y280:1(1)
 
预约/预借
| 序号 | 登录号 | 条形码 | 馆藏地/架位号 | 状态 | 备注 |
| 1 | 1581949 | 215819498 | 建筑库101/101建筑库 13排2列5层/ [索取号:TU-53/Y280:1(1)] | 在馆 |